| 000 | 00364nam a2200145Ia 4500 | ||
|---|---|---|---|
| 008 | 150201s2008 xx 000 0 und d | ||
| 082 |
_a610.7 _bN08F |
||
| 100 | _aFELDMAN, HARRIED R. | ||
| 245 | _aNURSING LEADERSHIP : A CONCISE ENCYCOLOPEDIA | ||
| 250 | _a1ST | ||
| 260 |
_bSPRING HAUSE _aNEW YORK _c2008 |
||
| 300 | _a578 | ||
| 650 | _aNURSING | ||
| 942 |
_2ddc _cBK |
||
| 999 |
_c2342 _d2342 |
||